Studies on the role of viruses in calf diarroea / (رقم التسجيلة. 178118)

تفاصيل مارك
000 -LEADER
fixed length control field 01303namaa22003131i 4500
005 - أخر تعامل مع التسجيلة
control field 20260224111411.0
008 - FIXED-LENGTH DATA ELEMENTS--GENERAL INFORMATION
fixed length control field 260202s1996 ua a|||fr|m|| 000 0 eng d
040 ## - CATALOGING SOURCE
Original cataloguing agency EG-GICUC
Language of cataloging eng
Transcribing agency EG-GICUC
Modifying agency EG-GICUC
Description conventions rda
041 0# - LANGUAGE CODE
Language code of text/sound track or separate title eng
Language code of summary or abstract eng
-- ara
049 ## - Acquisition Source
Acquisition Source Deposit
097 ## - Degree
Degree M.Sc
099 ## - LOCAL FREE-TEXT CALL NUMBER (OCLC)
Local Call Number Cai01.10.09.M.Sc.1996.Ne.S.
100 0# - MAIN ENTRY--PERSONAL NAME
Authority record control number or standard number Nelly Omar Aly Mohamed El-Sayed,
Preparation preparation.
245 10 - TITLE STATEMENT
Title Studies on the role of viruses in calf diarroea /
Statement of responsibility, etc. By Nelly Omar Aly Mohamed El-Sayed; Supervised Prof. Dr. Adel Abd El-Azeme Fayed, Prof. Dr. Fateheia Mohamed Mohamed
246 15 - VARYING FORM OF TITLE
Title proper/short title دراسات عن دور الفيروسات فى اسهال العجول
264 #0 - PRODUCTION, PUBLICATION, DISTRIBUTION, MANUFACTURE, AND COPYRIGHT NOTICE
Date of production, publication, distribution, manufacture, or copyright notice 1996.
300 ## - PHYSICAL DESCRIPTION
Extent 135 Leaves :
Other physical details illustrations ;
Dimensions 30 cm. +
336 ## - CONTENT TYPE
Source rda content
Content type term text
337 ## - MEDIA TYPE
Source rdamedia
Media type term Unmediated
338 ## - CARRIER TYPE
Source rdacarrier
Carrier type term volume
502 ## - DISSERTATION NOTE
Dissertation note Thesis (M.Sc.)-Cairo University, 1996
504 ## - BIBLIOGRAPHY, ETC. NOTE
Bibliography, etc. note Bibliography: pages 101 : 135
653 #0 - INDEX TERM--UNCONTROLLED
Uncontrolled term Diseases
-- Calf diarroea
700 0# - ADDED ENTRY--PERSONAL NAME
Personal name Adel Abd El-Azeme Fayed
Relator term thesis advisor.
700 0# - ADDED ENTRY--PERSONAL NAME
Personal name Fateheia Mohamed Mohamed
Relator term thesis advisor.
900 ## - Thesis Information
Department Department of Infectious Diseases
Faculties Faculty of Medicine
Universities Cairo University
Grant date 1996
Supervisory body Adel Abd El-Azeme Fayed
-- Fateheia Mohamed Mohamed
905 ## - Cataloger and Reviser Names
Cataloger Name Nagat Ghanem
Reviser Names Nourhan
942 ## - ADDED ENTRY ELEMENTS (KOHA)
Source of classification or shelving scheme Dewey Decimal Classification
Koha item type Thesis
Edition 21
Suppress in OPAC No
المقتنيات
Source of classification or shelving scheme Home library Current library Date acquired Inventory number Full call number Barcode Date last seen Effective from Koha item type
Dewey Decimal Classification المكتبة المركزبة الجديدة - جامعة القاهرة مكتبة المئوية 02.02.2026 27985 Cai01.10.09.M.Sc.1996.Ne.S 01010110027985000 02.02.2026 02.02.2026 Thesis
Cairo University Libraries Portal Implemented & Customized by: Eng. M. Mohamady Contacts: new-lib@cl.cu.edu.eg | cnul@cl.cu.edu.eg
CUCL logo CNUL logo
© All rights reserved — Cairo University Libraries
CUCL logo
Implemented & Customized by: Eng. M. Mohamady Contact: new-lib@cl.cu.edu.eg © All rights reserved — New Central Library
CNUL logo
Implemented & Customized by: Eng. M. Mohamady Contact: cnul@cl.cu.edu.eg © All rights reserved — Cairo National University Library